[Event "Zhongshan zt 3.5"]
[Site "Zhongshan"]
[Date "2014.11.01"]
[Round "7"]
[White "Li, Hanbin"]
[Black "Lan, Zilun"]
[Result "1/2-1/2"]
[WhiteElo "2257"]
[BlackElo "2147"]
[PlyCount "35"]
[EventDate "2014.10.26"]
[EventType "swiss"]
[EventRounds "11"]
[EventCountry "CHN"]
[SourceTitle "EXT 2015"]
[Source "ChessBase"]
[SourceDate "2014.11.20"]
[SourceVersion "1"]
[SourceVersionDate "2014.11.20"]
[SourceQuality "1"]

1. e4 e5 2. f4 d5 3. exd5 Qxd5 4. Nc3 Qe6 5. fxe5 Qxe5+ 6. Be2 Bg4 7. d4 Qe6 8. Bf4 Na6 9. d5 Qe7 10. d6 cxd6 11. Qd4 Bxe2 12. Ngxe2 Nf6 13. 0-0-0 Qd7 14. Qe3+ Qe6 15. Qf3 Qd7 16. Qe3+ Qe6 17. Qf3 Qd7 18. Qe3+ 1/2-1/2

[Event "Zhongshan zt 3.5"]
[Site "Zhongshan"]
[Date "2014.10.31"]
[Round "6"]
[White "Huang, Zhi"]
[Black "Li, Hanbin"]
[Result "1/2-1/2"]
[WhiteElo "2107"]
[BlackElo "2257"]
[PlyCount "102"]
[EventDate "2014.10.26"]
[EventType "swiss"]
[EventRounds "11"]
[EventCountry "CHN"]
[SourceTitle "EXT 2015"]
[Source "ChessBase"]
[SourceDate "2014.11.20"]
[SourceVersion "1"]
[SourceVersionDate "2014.11.20"]
[SourceQuality "1"]

1. d4 d5 2. c4 e5 3. dxe5 d4 4. Nf3 Nc6 5. g3 Nge7 6. Nbd2 Ng6 7. Nb3 Ngxe5 8. Nxe5 Nxe5 9. Bg2 Bg4 10. h3 Be6 11. 0-0 Qd7 12. Qxd4 Nc6 13. Qxd7+ Bxd7 14. Bf4 0-0-0 15. Rfd1 Be7 16. Bxc6 Bxc6 17. Nd4 Be8 18. e4 a6 19. Nf5 Bf8 20. Rxd8+ Kxd8 21. Rd1+ Kc8 22. Ne3 c6 23. Bd6 Bd7 24. Bxf8 Rxf8 25. Kg2 Re8 26. Kf3 h5 27. h4 g6 28. Kf4 Kc7 29. Rd2 Be6 30. a3 a5 31. f3 a4 32. g4 Rh8 33. Kg5 Kb6 34. f4 hxg4 35. f5 Rh5+ 36. Kf6 gxf5 37. exf5 Bc8 38. Rd8 Kc7 39. Rf8 Rxh4 40. Rxf7+ Kd6 41. Kg5 Rh2 42. Nxg4 Rxb2 43. c5+ Kxc5 44. Rc7 Bxf5 45. Kxf5 Kd6 46. Rh7 b5 47. Ke4 Re2+ 48. Ne3 Ra2 49. Rh3 Kc5 50. Rh5+ Kb6 51. Rh3 Kc5 1/2-1/2

[Event "Zhongshan zt 3.5"]
[Site "Zhongshan"]
[Date "2014.10.30"]
[Round "5"]
[White "Li, Hanbin"]
[Black "Wang, Chen"]
[Result "0-1"]
[WhiteElo "2257"]
[BlackElo "2508"]
[PlyCount "68"]
[EventDate "2014.10.26"]
[EventType "swiss"]
[EventRounds "11"]
[EventCountry "CHN"]
[SourceTitle "EXT 2015"]
[Source "ChessBase"]
[SourceDate "2014.11.20"]
[SourceVersion "1"]
[SourceVersionDate "2014.11.20"]
[SourceQuality "1"]

1. e4 c5 2. Nf3 e6 3. d4 cxd4 4. Nxd4 a6 5. Nc3 b5 6. Bd3 Qb6 7. Be3 Bc5 8. Be2 Nc6 9. Nxc6 dxc6 10. Bxc5 Qxc5 11. Qd3 e5 12. 0-0-0 Be6 13. Qg3 Nf6 14. Qxg7 Ke7 15. Qh6 Rhg8 16. Kb1 Rxg2 17. Rhf1 Rag8 18. Qh4 R2g5 19. f4 exf4 20. Rxf4 Qe5 21. Rdf1 R8g6 22. Bd3 Rg4 23. Rxg4 Rxg4 24. Qf2 Nd7 25. Ne2 Qf6 26. Qe1 Qh4 27. Qa5 Qxh2 28. Qxa6 Qd6 29. Qa7 h5 30. Qf2 Nc5 31. Qf6+ Kd7 32. e5 Qe7 33. Qf2 Rg5 34. Qe3 Rxe5 0-1

[Event "Zhongshan zt 3.5"]
[Site "Zhongshan"]
[Date "2014.10.29"]
[Round "4"]
[White "Li, Hanbin"]
[Black "Liu, Guanchu"]
[Result "1/2-1/2"]
[WhiteElo "2257"]
[BlackElo "2409"]
[PlyCount "35"]
[EventDate "2014.10.26"]
[EventType "swiss"]
[EventRounds "11"]
[EventCountry "CHN"]
[SourceTitle "EXT 2015"]
[Source "ChessBase"]
[SourceDate "2014.11.20"]
[SourceVersion "1"]
[SourceVersionDate "2014.11.20"]
[SourceQuality "1"]

1. e4 e6 2. d4 d5 3. Nd2 Nf6 4. e5 Nfd7 5. Bd3 c5 6. c3 Nc6 7. Ne2 cxd4 8. cxd4 f6 9. exf6 Nxf6 10. Nf3 Bd6 11. 0-0 0-0 12. Bf4 Bxf4 13. Nxf4 Ng4 14. Qd2 Qf6 15. Nh5 Qh6 16. Qxh6 Nxh6 17. Ng3 Bd7 18. Rac1 1/2-1/2

[Event "Zhongshan zt 3.5"]
[Site "Zhongshan"]
[Date "2014.10.28"]
[Round "3"]
[White "Ju, Wenjun"]
[Black "Li, Hanbin"]
[Result "1/2-1/2"]
[WhiteElo "2582"]
[BlackElo "2257"]
[PlyCount "104"]
[EventDate "2014.10.26"]
[EventType "swiss"]
[EventRounds "11"]
[EventCountry "CHN"]
[SourceTitle "EXT 2015"]
[Source "ChessBase"]
[SourceDate "2014.11.20"]
[SourceVersion "1"]
[SourceVersionDate "2014.11.20"]
[SourceQuality "1"]

1. d4 d5 2. c4 c6 3. Nf3 Nf6 4. Nc3 dxc4 5. a4 Bf5 6. Nh4 Bd7 7. e4 e5 8. Nf3 Bg4 9. dxe5 Qxd1+ 10. Kxd1 Nfd7 11. Bf4 Bc5 12. Bxc4 Bxf2 13. Rf1 Bxf3+ 14. gxf3 Bd4 15. e6 fxe6 16. Bxe6 Nc5 17. Bc4 Nbd7 18. Kc2 Ne5 19. Be2 Ne6 20. Bg3 g5 21. f4 gxf4 22. Bh5+ Ng6 23. Bxf4 Nexf4 24. Rxf4 Ke7 25. Rf5 Rhf8 26. Raf1 Rad8 27. Ne2 Bh8 28. Ng3 Rxf5 29. exf5 Ne5 30. Be2 Bf6 31. Rf4 c5 32. Re4 b6 33. b3 Rd7 34. Bb5 Rd4 35. Re2 Rf4 36. Bd3 Rd4 37. Ba6 Rd8 38. Ne4 Rd4 39. Bb5 Rd8 40. Ba6 Rd4 41. Nc3 Kf8 42. Nb5 Nc6 43. Nxd4 Nxd4+ 44. Kd2 Nxe2 45. Kxe2 Ke7 46. Kf3 Bd4 47. Ke4 Kf6 48. Bd3 a5 49. Kd5 h6 50. Kc6 Bc3 51. Bc2 c4 52. bxc4 Bd4 1/2-1/2

[Event "Beijing zt 3.5"]
[Site "Beijing"]
[Date "2012.09.17"]
[Round "6"]
[White "Yang, Hainan"]
[Black "Li, Hanbin"]
[Result "1/2-1/2"]
[WhiteElo "2154"]
[BlackElo "2277"]
[PlyCount "57"]
[EventDate "2012.09.15"]
[EventType "swiss"]
[EventRounds "11"]
[EventCountry "CHN"]
[SourceTitle "EXT 2013"]
[Source "ChessBase"]
[SourceDate "2012.11.22"]
[SourceVersion "1"]
[SourceVersionDate "2012.11.22"]
[SourceQuality "1"]

1. e4 c5 2. Nf3 Nc6 3. d4 cxd4 4. Nxd4 Nf6 5. Nc3 e5 6. Ndb5 d6 7. Bg5 a6 8. Na3 b5 9. Nd5 Be7 10. Bxf6 Bxf6 11. c4 0-0 12. Be2 Nd4 13. 0-0 bxc4 14. Bxc4 Bb7 15. Nc2 Rc8 16. Nce3 Bg5 17. Qd3 a5 18. b3 Kh8 19. Rad1 Rc5 20. f3 f5 21. exf5 Bxe3+ 22. Nxe3 Qg5 23. f4 exf4 24. Qxd4 fxe3 25. g3 Bd5 26. Rde1 Bxc4 27. bxc4 Rcxf5 28. Rxf5 Qxf5 29. Qxe3 1/2-1/2

[Event "Asian Continental op 11th"]
[Site "Ho Chi Minh City"]
[Date "2012.05.07"]
[Round "3"]
[White "Li, Hanbin"]
[Black "Le, Quang Long"]
[Result "0-1"]
[WhiteElo "2289"]
[BlackElo "2351"]
[PlyCount "92"]
[EventDate "2012.05.05"]
[EventType "swiss"]
[EventRounds "9"]
[EventCountry "VIE"]
[SourceTitle "CBM 148 Extra"]
[Source "ChessBase"]
[SourceDate "2012.06.22"]
[SourceVersion "1"]
[SourceVersionDate "2012.06.22"]
[SourceQuality "1"]

1. e4 c6 2. d4 d5 3. e5 Bf5 4. Nf3 e6 5. Be2 Ne7 6. 0-0 c5 7. Be3 Nec6 8. dxc5 Nd7 9. Nd4 Nxd4 10. Bxd4 Bxc5 11. Bxc5 Nxc5 12. Bb5+ Kf8 13. Qd4 Qb6 14. Nc3 Rc8 15. a4 Kg8 16. a5 Qc7 17. b4 a6 18. bxc5 Qxc5 19. Qxc5 Rxc5 20. Bd3 Bxd3 21. cxd3 Rxc3 22. Rfc1 Rxc1+ 23. Rxc1 g5 24. Rc7 Kg7 25. h4 gxh4 26. Rxb7 Rc8 27. Rb6 Rc3 28. Rxa6 Rxd3 29. Ra8 Ra3 30. a6 Ra1+ 31. Kh2 Kg6 32. g4 hxg3+ 33. Kxg3 Kf5 34. Rf8 Kxe5 35. Rxf7 Rxa6 36. Rxh7 Ke4 37. Rh4+ Kd3 38. Rh6 d4 39. Kf3 Rd6 40. Rh8 Kc2 41. Rc8+ Kd1 42. Kg2 d3 43. Kf1 d2 44. f3 Rd3 45. Kf2 Rd6 46. Rc7 e5 0-1

[Event "Asian Continental op 11th"]
[Site "Ho Chi Minh City"]
[Date "2012.05.06"]
[Round "2"]
[White "Lou, Yiping"]
[Black "Li, Hanbin"]
[Result "1-0"]
[WhiteElo "2428"]
[BlackElo "2289"]
[PlyCount "89"]
[EventDate "2012.05.05"]
[EventType "swiss"]
[EventRounds "9"]
[EventCountry "VIE"]
[SourceTitle "CBM 148 Extra"]
[Source "ChessBase"]
[SourceDate "2012.06.22"]
[SourceVersion "1"]
[SourceVersionDate "2012.06.22"]
[SourceQuality "1"]

1. d4 d5 2. c4 c6 3. Nc3 Nf6 4. e3 e6 5. Nf3 Nbd7 6. Bd3 dxc4 7. Bxc4 b5 8. Bd3 Bb7 9. 0-0 Bd6 10. a3 0-0 11. Bd2 a5 12. Qc2 b4 13. axb4 axb4 14. Na4 c5 15. dxc5 Rc8 16. Be2 Nxc5 17. Bxb4 Bxf3 18. Bxf3 Nxa4 19. Qxa4 Rc4 20. Bxd6 Rxa4 21. Bxf8 Rxa1 22. Rxa1 h6 23. Bc5 Qd2 24. Bd4 Kh7 25. g3 Kg6 26. h4 h5 27. Bc3 Qc2 28. Ra5 Nd5 29. Bd4 Qf5 30. Be2 Qb1+ 31. Kg2 f6 32. Bf3 Qd3 33. Rc5 Kh6 34. Rc6 e5 35. Bxe5 Qb5 36. Re6 Kh7 37. Bd4 Nc7 38. Rc6 Na6 39. Rb6 Qc4 40. Be4+ Kh6 41. b3 Qe2 42. Be5 Nc5 43. Bf4+ g5 44. hxg5+ Kg7 45. gxf6+ 1-0

[Event "Ho Chi Minh City HD Bank op 1st"]
[Site "Ho Chi Minh City"]
[Date "2011.01.09"]
[Round "9"]
[White "Li, Hanbin"]
[Black "Laylo, Darwin"]
[Result "1-0"]
[WhiteElo "2321"]
[BlackElo "2516"]
[PlyCount "95"]
[EventDate "2011.01.04"]
[EventType "swiss"]
[EventRounds "9"]
[EventCountry "VIE"]
[SourceTitle "CBM 140 Extra"]
[Source "ChessBase"]
[SourceDate "2011.03.01"]
[SourceVersion "1"]
[SourceVersionDate "2011.03.01"]
[SourceQuality "1"]

1. e4 c5 2. Nf3 e6 3. d4 cxd4 4. Nxd4 a6 5. Nc3 Qc7 6. g3 Nf6 7. Bg2 Nc6 8. 0-0 Be7 9. Re1 Nxd4 10. e5 Nb5 11. exf6 gxf6 12. Nxb5 axb5 13. Qg4 Bf8 14. c3 Qc4 15. Qf3 Be7 16. b3 Qc6 17. Qd3 d5 18. Bh6 f5 19. a4 Ra5 20. axb5 Qxb5 21. c4 Rxa1 22. cxb5 Rxe1+ 23. Bf1 Bf6 24. Bd2 Re4 25. f3 Rd4 26. Qc3 0-0 27. Be3 e5 28. Bxd4 exd4 29. Qc7 Kg7 30. b6 Re8 31. Bb5 Rd8 32. Kf1 h5 33. Ke2 Kg6 34. h4 Kg7 35. Kd2 Kg6 36. Qf4 Kg7 37. Bd3 Bd7 38. Bxf5 Bc6 39. Bd3 Ra8 40. Qf5 Ra2+ 41. Kc1 Rg2 42. g4 Bxh4 43. Qxh5 Bf2 44. Qh7+ Kf8 45. Kb2 Bh4+ 46. Ka3 Bf6 47. b4 Ke7 48. Qh1 1-0

[Event "Ho Chi Minh City HD Bank op 1st"]
[Site "Ho Chi Minh City"]
[Date "2011.01.08"]
[Round "8"]
[White "Senador, Emmanuel"]
[Black "Li, Hanbin"]
[Result "0-1"]
[WhiteElo "2408"]
[BlackElo "2321"]
[PlyCount "116"]
[EventDate "2011.01.04"]
[EventType "swiss"]
[EventRounds "9"]
[EventCountry "VIE"]
[SourceTitle "CBM 140 Extra"]
[Source "ChessBase"]
[SourceDate "2011.03.01"]
[SourceVersion "1"]
[SourceVersionDate "2011.03.01"]
[SourceQuality "1"]

1. e4 c5 2. d4 cxd4 3. c3 dxc3 4. Nxc3 Nc6 5. Nf3 e6 6. Bc4 a6 7. 0-0 Nge7 8. Bg5 f6 9. Bh4 Ng6 10. Bg3 b5 11. Bb3 Bb7 12. a3 Be7 13. Re1 Nce5 14. Nd4 Qb6 15. Nf5 Kf7 16. Kh1 h5 17. h3 Rad8 18. f4 Nc4 19. Nxe7 Nxe7 20. Qe2 d5 21. exd5 Nxd5 22. f5 Nxc3 23. Qxe6+ Qxe6 24. fxe6+ Ke7 25. Bxc4 Ne4 26. Rxe4 Bxe4 27. Bf1 Kxe6 28. a4 Bd3 29. axb5 axb5 30. Re1+ Kf7 31. Bc7 Rd7 32. Rd1 Bf5 33. Rxd7+ Bxd7 34. Ba5 Ra8 35. b4 Bc6 36. Kg1 Ke6 37. Kf2 Rb8 38. Be2 g6 39. g4 hxg4 40. hxg4 Rb7 41. Bf3 f5 42. g5 Rh7 43. Ke3 Rh4 44. Be2 Kd6 45. Kf2 Rh2+ 46. Ke1 Rg2 47. Bd8 Ke5 48. Kf1 Kd6 49. Bxb5 Rg4 50. Be2 Rxb4 51. Kf2 Be4 52. Ba5 Ra4 53. Bd2 Ra2 54. Ke3 Rxd2 55. Kxd2 Ke5 56. Bb5 Kf4 57. Be8 Kxg5 58. Ke3 Kf6 0-1

[Event "Ho Chi Minh City HD Bank op 1st"]
[Site "Ho Chi Minh City"]
[Date "2011.01.07"]
[Round "7"]
[White "Li, Hanbin"]
[Black "Nguyen, Anh Dung"]
[Result "1/2-1/2"]
[WhiteElo "2321"]
[BlackElo "2508"]
[PlyCount "86"]
[EventDate "2011.01.04"]
[EventType "swiss"]
[EventRounds "9"]
[EventCountry "VIE"]
[SourceTitle "CBM 140 Extra"]
[Source "ChessBase"]
[SourceDate "2011.03.01"]
[SourceVersion "1"]
[SourceVersionDate "2011.03.01"]
[SourceQuality "1"]

1. e4 e5 2. f4 Bc5 3. Nf3 d6 4. Nc3 Nf6 5. Bc4 Nc6 6. d3 Bg4 7. Na4 Bb6 8. Nxb6 axb6 9. 0-0 0-0 10. c3 exf4 11. Bxf4 Nh5 12. Be3 Ne5 13. Nxe5 Bxd1 14. Nxf7 Rxf7 15. Bxf7+ Kh8 16. Raxd1 Nf6 17. Bg5 Qe7 18. Bxf6 gxf6 19. Bb3 Ra5 20. Rf4 Rg5 21. Rdf1 Rg6 22. h4 Kg7 23. Kh2 c5 24. Rf5 b5 25. Bd5 h5 26. Rxh5 Rh6 27. Rxh6 Kxh6 28. Rf5 b4 29. cxb4 cxb4 30. g4 Kg6 31. Kg3 Qd8 32. g5 fxg5 33. Rxg5+ Kh6 34. Rf5 Qh8 35. b3 Qd4 36. Bc4 Qg1+ 37. Kf3 Qh1+ 38. Ke3 Qg1+ 39. Kf3 Qh1+ 40. Ke3 Qg1+ 41. Ke2 Qg2+ 42. Rf2 Qg4+ 43. Ke3 Qg3+ 1/2-1/2

[Event "Ho Chi Minh City HD Bank op 1st"]
[Site "Ho Chi Minh City"]
[Date "2011.01.05"]
[Round "4"]
[White "Tu, Hoang Thong"]
[Black "Li, Hanbin"]
[Result "1/2-1/2"]
[WhiteElo "2452"]
[BlackElo "2321"]
[PlyCount "72"]
[EventDate "2011.01.04"]
[EventType "swiss"]
[EventRounds "9"]
[EventCountry "VIE"]
[SourceTitle "CBM 140 Extra"]
[Source "ChessBase"]
[SourceDate "2011.03.01"]
[SourceVersion "1"]
[SourceVersionDate "2011.03.01"]
[SourceQuality "1"]

1. d4 d5 2. Nf3 c6 3. Bf4 e6 4. e3 f5 5. Bd3 Nf6 6. 0-0 Be7 7. c4 0-0 8. Nbd2 Bd7 9. Rc1 Ne4 10. Qb3 b6 11. Rc2 g5 12. Bxb8 Rxb8 13. cxd5 cxd5 14. Ne5 Bd6 15. f4 gxf4 16. exf4 Qe8 17. Nxe4 fxe4 18. Be2 Kh8 19. Qh3 Bxe5 20. fxe5 Qe7 21. a3 Rxf1+ 22. Bxf1 Rf8 23. Qe3 Qf7 24. Be2 Rc8 25. Rxc8+ Bxc8 26. Qg5 Bd7 27. h4 Qf8 28. Qc1 Kg8 29. g3 h6 30. Kg2 a6 31. Bg4 Kh8 32. Be2 Bb5 33. Bxb5 Qf3+ 34. Kh2 Qf2+ 35. Kh3 Qf5+ 36. Kh2 Qf2+ 1/2-1/2

[Event "Kuala Lumpur op 7th"]
[Site "Kuala Lumpur"]
[Date "2010.09.04"]
[Round "6"]
[White "Li, Hanbin"]
[Black "Goh, Wei Ming Kevin"]
[Result "1/2-1/2"]
[WhiteElo "2348"]
[BlackElo "2428"]
[PlyCount "61"]
[EventDate "2010.09.01"]
[EventType "swiss"]
[EventRounds "9"]
[EventCountry "MAS"]
[SourceTitle "CBM 138 Extra"]
[Source "ChessBase"]
[SourceDate "2010.10.29"]
[SourceVersion "1"]
[SourceVersionDate "2010.10.29"]
[SourceQuality "1"]

1. e4 e6 2. d4 d5 3. Nc3 Nf6 4. e5 Nfd7 5. f4 c5 6. Nf3 Nc6 7. Be3 Be7 8. Qd2 a6 9. Be2 0-0 10. 0-0 b5 11. a3 Qb6 12. Nd1 a5 13. c3 Ba6 14. Nf2 a4 15. Bd3 cxd4 16. Nxd4 Nc5 17. Bc2 Na5 18. Nd1 Nc4 19. Qf2 Qc7 20. Qf3 f5 21. exf6 Rxf6 22. Nf2 Nxe3 23. Qxe3 Rxf4 24. Rfe1 Bc8 25. g3 Rf8 26. Nd3 Ra6 27. Nb4 Rd6 28. Nxb5 Qb6 29. Nd4 Bf6 30. Rad1 Bd7 31. Kg2 1/2-1/2

[Event "Kuala Lumpur op 7th"]
[Site "Kuala Lumpur"]
[Date "2010.09.02"]
[Round "2"]
[White "Li, Hanbin"]
[Black "Schebler, Gerhard"]
[Result "0-1"]
[WhiteElo "2348"]
[BlackElo "2474"]
[PlyCount "140"]
[EventDate "2010.09.01"]
[EventType "swiss"]
[EventRounds "9"]
[EventCountry "MAS"]
[SourceTitle "CBM 138 Extra"]
[Source "ChessBase"]
[SourceDate "2010.10.29"]
[SourceVersion "1"]
[SourceVersionDate "2010.10.29"]
[SourceQuality "1"]

1. e4 c6 2. Nc3 d5 3. Nf3 Bg4 4. h3 Bxf3 5. Qxf3 e6 6. d3 Nf6 7. Bd2 Nbd7 8. Qe2 Bb4 9. g4 d4 10. Nb1 Bxd2+ 11. Nxd2 e5 12. 0-0-0 Nc5 13. Nc4 Nfd7 14. Nd6+ Kf8 15. Qf3 Qe7 16. Nf5 Qe6 17. Kb1 g6 18. Ng3 Qf6 19. Qe2 Qh4 20. Qd2 a5 21. Rh2 Ne6 22. Ne2 h5 23. gxh5 Rxh5 24. Rg2 Qf6 25. c3 c5 26. cxd4 cxd4 27. Rc1 Rh4 28. Ng1 Ndc5 29. Be2 b6 30. Bg4 Nf4 31. Rg3 Rh8 32. Ne2 Nxe2 33. Qxe2 Kg7 34. Qd2 Rad8 35. Rf3 Qh4 36. Rg1 Rd6 37. Qc2 Rf6 38. Rxf6 Qxf6 39. Qd2 Rd8 40. Rg3 Rd6 41. Rf3 Qh4 42. Qe2 Qg5 43. Qc2 Rc6 44. Rg3 Rc7 45. Bd1 Qe7 46. Qd2 Ne6 47. Bb3 Nf4 48. Bc4 Rc8 49. Qd1 Rh8 50. Qb3 Qc7 51. Rg1 Rxh3 52. Rc1 Qd6 53. a3 Qf6 54. Rc2 Rf3 55. Qb5 Nh3 56. Bxf7 Qxf7 57. Qxe5+ Qf6 58. Qc7+ Kh6 59. Rc6 Qf7 60. Qd8 Nf4 61. Rc7 Qb3 62. Qf8+ Kg5 63. Qd8+ Kg4 64. Qd7+ Qe6 65. Qxd4 Rxd3 66. f3+ Rxf3 67. Qg1+ Rg3 68. Qd1+ Kg5 69. Qd8+ Qf6 70. Qd1 Rg2 0-1

[Event "Kuala Lumpur op 7th"]
[Site "Kuala Lumpur"]
[Date "2010.09.01"]
[Round "1"]
[White "Low, Jun Keat"]
[Black "Li, Hanbin"]
[Result "0-1"]
[WhiteElo "1835"]
[BlackElo "2348"]
[PlyCount "81"]
[EventDate "2010.09.01"]
[EventType "swiss"]
[EventRounds "9"]
[EventCountry "MAS"]
[SourceTitle "CBM 138 Extra"]
[Source "ChessBase"]
[SourceDate "2010.10.29"]
[SourceVersion "1"]
[SourceVersionDate "2010.10.29"]
[SourceQuality "1"]

1. e4 c5 2. Nf3 Nc6 3. d4 cxd4 4. Nxd4 Nf6 5. Nc3 e5 6. Nb3 Bb4 7. Bg5 h6 8. Bxf6 Qxf6 9. Nd2 Qg6 10. a3 Bxc3 11. bxc3 0-0 12. Qf3 d6 13. Bd3 f5 14. Rb1 Kh8 15. 0-0 f4 16. Be2 b6 17. Rfd1 Bb7 18. Qh3 Rad8 19. Bh5 Qf6 20. c4 Nd4 21. c3 Ne6 22. Bg4 Nc5 23. Bf5 Kg8 24. Qh5 Bc6 25. Bg6 Qe7 26. f3 Rf6 27. Bf5 Be8 28. Qh4 g6 29. Bh3 Kg7 30. Nb3 Nxb3 31. Rxb3 Ba4 32. Rbb1 Bxd1 33. Rxd1 Qf7 34. Qf2 Qxc4 35. Qd2 Rf7 36. Qd5 Qxd5 37. Rxd5 Rc7 38. Rd3 Kf6 39. Kf2 Rc4 40. g3 fxg3+ 41. hxg3 0-1

[Event "Asian Continental op 09th"]
[Site "Olongapo City"]
[Date "2010.04.29"]
[Round "9"]
[White "Li, Hanbin"]
[Black "Toufighi, Homayoon"]
[Result "0-1"]
[WhiteElo "2330"]
[BlackElo "2491"]
[PlyCount "88"]
[EventDate "2010.04.21"]
[EventType "swiss"]
[EventRounds "9"]
[EventCountry "PHI"]
[SourceTitle "CBM 136 Extra"]
[Source "ChessBase"]
[SourceDate "2010.07.02"]
[SourceVersion "2"]
[SourceVersionDate "2010.07.15"]
[SourceQuality "1"]

1. e4 e6 2. d4 d5 3. Nd2 c5 4. exd5 Qxd5 5. Ngf3 cxd4 6. Bc4 Qd6 7. 0-0 Nf6 8. Nb3 Nc6 9. Re1 Bd7 10. g3 Qc7 11. Qe2 0-0-0 12. Bf4 Bd6 13. Bxd6 Qxd6 14. Rad1 Rhe8 15. Nbxd4 Nxd4 16. Nxd4 Qb6 17. Qe5 Ng4 18. Qe2 Nf6 19. Qe5 a6 20. h3 Qc7 21. Bf1 Qxe5 22. Rxe5 Bc6 23. Ree1 Be4 24. c3 Rd5 25. Bc4 Rc5 26. Bf1 Rd8 27. Nb3 Rcd5 28. Rxd5 Bxd5 29. c4 Bc6 30. Bg2 Kc7 31. Re2 Rd1+ 32. Kh2 Nd7 33. Na5 Bxg2 34. Kxg2 Rc1 35. Rd2 Nf6 36. Rd4 Rc2 37. b4 Rxa2 38. c5 Ra4 39. Rf4 e5 40. Rf5 Rxb4 41. Rxe5 Rb5 42. Nc4 Nd7 43. Re7 Rxc5 44. Ne3 a5 0-1

[Event "Asian Continental op 09th"]
[Site "Olongapo City"]
[Date "2010.04.26"]
[Round "6"]
[White "Mariano, Nelson"]
[Black "Li, Hanbin"]
[Result "0-1"]
[WhiteElo "2118"]
[BlackElo "2330"]
[PlyCount "50"]
[EventDate "2010.04.21"]
[EventType "swiss"]
[EventRounds "9"]
[EventCountry "PHI"]
[SourceTitle "CBM 136 Extra"]
[Source "ChessBase"]
[SourceDate "2010.07.02"]
[SourceVersion "2"]
[SourceVersionDate "2010.07.15"]
[SourceQuality "1"]

1. e4 c5 2. Ne2 Nc6 3. Nbc3 Nf6 4. d4 cxd4 5. Nxd4 e5 6. Ndb5 d6 7. Bg5 a6 8. Bxf6 gxf6 9. Na3 b5 10. Nd5 Bg7 11. Bd3 Ne7 12. Qh5 Nxd5 13. exd5 e4 14. Qe2 Qe7 15. Nxb5 axb5 16. Bxb5+ Kf8 17. 0-0 f5 18. a4 Bxb2 19. Rab1 Qf6 20. c3 Bxc3 21. Bc6 Ba6 22. Qe3 Bd4 23. Qh3 Bxf1 24. Bxa8 Bd3 25. Rb8+ Kg7 0-1

[Event "Asian Continental op 09th"]
[Site "Olongapo City"]
[Date "2010.04.25"]
[Round "5"]
[White "Li, Hanbin"]
[Black "Bersamina, Paulo"]
[Result "1-0"]
[WhiteElo "2330"]
[BlackElo "1927"]
[PlyCount "119"]
[EventDate "2010.04.21"]
[EventType "swiss"]
[EventRounds "9"]
[EventCountry "PHI"]
[SourceTitle "CBM 136 Extra"]
[Source "ChessBase"]
[SourceDate "2010.07.02"]
[SourceVersion "2"]
[SourceVersionDate "2010.07.15"]
[SourceQuality "1"]

1. e4 c5 2. Nf3 g6 3. d4 cxd4 4. Nxd4 Nc6 5. Nc3 Bg7 6. Be3 Nf6 7. Bc4 Qa5 8. 0-0 0-0 9. Nb3 Qc7 10. f4 d6 11. Be2 b6 12. Bf3 Ba6 13. Re1 Rad8 14. Nd5 Qb7 15. Nd4 Nxd5 16. exd5 Nxd4 17. Bxd4 Rc8 18. Bxg7 Kxg7 19. Qd4+ Kg8 20. c3 Qd7 21. Rad1 Rfe8 22. Qf2 Qf5 23. Rd4 Rc4 24. Rxc4 Bxc4 25. Qd4 Qd3 26. Qxd3 Bxd3 27. Kf2 Kf8 28. Ke3 Bb5 29. Kd4 Rc8 30. b3 Rc7 31. h4 a5 32. Be4 Ba6 33. a4 Kg7 34. g4 Bc8 35. g5 h5 36. Bd3 e6 37. Bc4 exd5 38. Bxd5 Kf8 39. Rf1 Re7 40. Be4 Bh3 41. Rf2 d5 42. Bxd5 Bf5 43. b4 axb4 44. cxb4 Ra7 45. Ra2 Rd7 46. Rd2 Be6 47. Ke5 Ke7 48. Rd4 Bg4 49. a5 bxa5 50. bxa5 Rd6 51. Ra4 Bd7 52. Ra3 Ra6 53. Kd4 Bc8 54. Kc5 f6 55. Bc4 Ra8 56. a6 fxg5 57. fxg5 Kd7 58. a7 Bb7 59. Kb4 Be4 60. Bd3 1-0

[Event "Asian Continental op 09th"]
[Site "Olongapo City"]
[Date "2010.04.21"]
[Round "1"]
[White "Li, Hanbin"]
[Black "Adhiban, Baskaran"]
[Result "1/2-1/2"]
[WhiteElo "2330"]
[BlackElo "2510"]
[PlyCount "115"]
[EventDate "2010.04.21"]
[EventType "swiss"]
[EventRounds "9"]
[EventCountry "PHI"]
[SourceTitle "CBM 136 Extra"]
[Source "ChessBase"]
[SourceDate "2010.07.02"]
[SourceVersion "2"]
[SourceVersionDate "2010.07.15"]
[SourceQuality "1"]

1. e4 e5 2. Nf3 Nc6 3. Bc4 Nf6 4. d4 exd4 5. e5 d5 6. Bb5 Ne4 7. Nxd4 Bd7 8. Bxc6 bxc6 9. 0-0 Bc5 10. f3 Ng5 11. f4 Ne4 12. Be3 Bb6 13. Nd2 Nxd2 14. Qxd2 c5 15. Nf3 d4 16. Bf2 Bc6 17. f5 Bxf3 18. gxf3 Qd5 19. Bh4 Kd7 20. Qf4 Rae8 21. Rfe1 Kc6 22. a4 a5 23. Rad1 g6 24. e6 gxf5 25. e7 Rhg8+ 26. Kf1 Rg6 27. b3 Qd6 28. Qxf5 Qxh2 29. Bg5 Qh1+ 30. Kf2 Qh2+ 31. Kf1 Qh1+ 32. Kf2 Qh2+ 33. Kf1 h6 34. Qe4+ Kd7 35. Qf5+ Re6 36. Bf4 Qh1+ 37. Kf2 Qh4+ 38. Kf1 c6 39. Rxe6 fxe6 40. Qe5 Rxe7 41. Qd6+ Ke8 42. Qxc6+ Kf7 43. Bd6 Qh1+ 44. Ke2 Qg2+ 45. Kd3 Qg6+ 46. Kd2 e5 47. Qxb6 Qg5+ 48. Kd3 Qe3+ 49. Kc4 Qe2+ 50. Kxc5 Qxc2+ 51. Kd5 Qxd1 52. Bxe7 Qxf3+ 53. Kxe5 Qe3+ 54. Kf5 Qxe7 55. Qg6+ Kf8 56. Qxh6+ Kg8 57. Qg6+ Kf8 58. Qh6+ 1/2-1/2